BSOP header

The keep it short and simple party menu book / (Record no. 7990)

MARC details
000 -LEADER
fixed length control field 00569nam a2200193 4500
008 - FIXED-LENGTH DATA ELEMENTS--GENERAL INFORMATION
fixed length control field 020306s1974 us 1 engYA
020 ## - INTERNATIONAL STANDARD BOOK NUMBER
International Standard Book Number 0030918855
090 ## - LOCALLY ASSIGNED LC-TYPE CALL NUMBER (OCLC); LOCAL CALL NUMBER (OCLC)
Classification number (OCLC) (R) ; Classification number, CALL (RLIN) (NR) TX731
Local cutter number (OCLC) ; Book number/undivided call number, CALL (RLIN) B75
100 1# - MAIN ENTRY--PERSONAL NAME
Personal name Brent, Ruth H.
245 10 - TITLE STATEMENT
Title The keep it short and simple party menu book /
Statement of responsibility, etc Ruth H. Brent.
260 ## - PUBLICATION, DISTRIBUTION, ETC. (IMPRINT)
Place of publication, distribution, etc New York :
Name of publisher, distributor, etc Holt,
Date of publication, distribution, etc Rinehart and Winston,
-- c1974.
300 ## - PHYSICAL DESCRIPTION
Extent x, 214 p.
504 ## - BIBLIOGRAPHY, ETC. NOTE
Bibliography, etc Includes index
650 #4 - SUBJECT ADDED ENTRY--TOPICAL TERM
Topical term or geographic name as entry element Cookery.
650 #4 - SUBJECT ADDED ENTRY--TOPICAL TERM
Topical term or geographic name as entry element Entertaining.
650 #4 - SUBJECT ADDED ENTRY--TOPICAL TERM
Topical term or geographic name as entry element Menus.
951 ## - EQUIVALENCE OR CROSS-REFERENCE-GEOGRAPHIC NAME/AREA NAME [OBSOLETE] [CAN/MARC only]
General subdivision 00026925
950 0# - LOCAL HOLDINGS (RLIN)
-- .00
951 ## - EQUIVALENCE OR CROSS-REFERENCE-GEOGRAPHIC NAME/AREA NAME [OBSOLETE] [CAN/MARC only]
-- 24552
-- TX731/B75
-- 070613111052421
-- 2000-12-21
-- REF
Holdings
Withdrawn status Lost status Damaged status Not for loan Home library Current library Shelving location Date acquired Accession number Shelving control number Total Checkouts Full call number Barcode Date last seen Price effective from Koha item type
        BSOP Library BSOP Library Reference 12/21/2000 24552 127   TX731/B75 00026925 02/23/2013 02/23/2013 Books
BSOP

Biblical Seminary of the Philippines
  All rights Reserved
  © 2024

CONTACT INFORMATION

Biblical Seminary of the Philippines,
  77-B Karuhatan Road, Valenzuela City,
  PHILIPPINES 1441
  Phone: +632 8292-6795 / 8292-6798
  Fax : +632 8292-6675
  Email: library@bsop.edu.ph